UM Logo

Wind rekindles fire on Mt. Apo; wild animals flee/ (Record no. 10091)

MARC details
000 -LEADER
fixed length control field 00379nam a2200121 4500
008 - FIXED-LENGTH DATA ELEMENTS--GENERAL INFORMATION
fixed length control field 180801b ||||| |||| 00| 0 eng d
100 ## - MAIN ENTRY--PERSONAL NAME
9 (RLIN) 29800
Personal name Inquirer Mindanao
245 ## - TITLE STATEMENT
Title Wind rekindles fire on Mt. Apo; wild animals flee/
Statement of responsibility, etc. Inquirer Mindanao
260 ## - PUBLICATION, DISTRIBUTION, ETC. (IMPRINT)
Place of publication, distribution, etc. Philippines
Name of publisher, distributor, etc. Philippine Daily Inquirer
Date of publication, distribution, etc. c2016
300 ## - PHYSICAL DESCRIPTION
Extent page A9.
650 #0 - SUBJECT ADDED ENTRY--TOPICAL TERM
9 (RLIN) 29801
Topical term or geographic name as entry element Volcano.
942 ## - ADDED ENTRY ELEMENTS (KOHA)
Source of classification or shelving scheme Dewey Decimal Classification
Koha item type Periodicals
Holdings
Withdrawn status Lost status Source of classification or shelving scheme Damaged status Not for loan Collection code Home library Current library Date acquired Total Checkouts Date last seen Price effective from Koha item type Public note
    Dewey Decimal Classification     Periodicals UM Digos College - LIC UM Digos College - LIC 08/01/2018   08/01/2018 08/01/2018 Periodicals Newspaper Clippings